01515cam a2200385 a 45000010008000000030004000080050017000120080041000290100017000700200021000870200034001080200035001420400025001770410011002020500025002130820022002381300063002602450143003232600074004663000038005405000074005785000065006525000022007175040038007396500018007776500018007957000018008137000020008317100012008519060045008639420012009089990015009209520097009359520097010323261657OSt20230703162343.0820112s1982 ctua b i001 0 eng  a 81022566  a0313233942 (set) a0313233950 (lib. bdg. : v. 1) a0313233969 (lib. bdg. : v. 2) aDLCcDLCdDLCdOCoLC1 aengfre00aK3240.6b.D5513 198200a341.48/1219bWAS0 aDimensions internationales des droits de l'homme.lEnglish14aThe International dimensions of human rights /cKarel Vasak, general editor ; revised and edited for the English edition by Philip Alston. aWestport, Conn. :bGreenwood Press ;aParis, France :bUnesco,c1982. a2 v. (755 p.) :b1 ill. ;c25 cm. aTranslation of: Les dimensions internationales des droits de l'homme. aIllustrative matter on folded leaf in pocket at end of v. 2. aIncludes indexes. aBibliography: v. 2, p. [687]-738. 0aHuman rights. 0aCivil rights.1 aVasak, Karel.1 aAlston, Philip.2 aUnesco. a7bcbccorignewd1eocipf19gy-gencatlg 2ddccBK c3505d3505 00102ddc4070a002b002d2023-07-03l0o341.48/1 WASp10015896r2023-07-03w2023-07-03yBK 00102ddc4070a002b002d2023-07-03l0o341.48/1 WASp10015895r2023-07-03w2023-07-03yBK